[Event "Santo Domingo U2000 op"]
[Site "Santo Domingo"]
[Date "2017.06.02"]
[Round "1"]
[White "Ferreras De Lima, Julio"]
[Black "Mendez Ramirez, Victor"]
[Result "0-1"]
[WhiteElo "1751"]
[BlackElo "1862"]
[PlyCount "59"]
[EventDate "2017.06.02"]
[EventType "swiss"]
[EventRounds "8"]
[EventCountry "DOM"]
[SourceTitle "CBM 178 Extra"]
[Source "ChessBase"]
[SourceDate "2017.06.22"]
[SourceVersion "1"]
[SourceVersionDate "2017.06.22"]
[SourceQuality "1"]

1. c4 c6 2. Nc3 Nf6 3. g3 d5 4. cxd5 cxd5 5. d4 Bf5 6. Qb3 Qd7 7. Bg2 e6 8. Nf3 Nc6 9. 0-0 Bd6 10. Rd1 a6 11. Nh4 Na5 12. Qa4 Qxa4 13. Nxa4 Bc2 14. Nb6 Bxd1 15. Nxa8 Bxe2 16. Nb6 Bb5 17. Bg5 Bc7 18. Na8 Bd8 19. Rc1 Bc6 20. Bf4 Nh5 21. Bb8 Bxh4 22. gxh4 0-0 23. Bc7 Nc4 24. b3 Rxa8 25. bxc4 Rc8 26. cxd5 Bxd5 27. Bxd5 exd5 28. Re1 Nf6 29. Bb6 Rc6 30. Rb1 0-1